[Event "1st Binhai Cup 2018"]
[Site "Tianjin CHN"]
[Date "2018.12.29"]
[Round "5.8"]
[White "Xu, Yinglun"]
[Black "Zhao, Chenxi"]
[Result "1/2-1/2"]
[WhiteTitle "GM"]
[WhiteElo "2531"]
[BlackElo "2328"]
[WhiteFideId "8604940"]
[BlackFideId "8611513"]
[EventDate "2018.12.25"]

1. c4 e5 2. Nc3 Nc6 3. g3 Nf6 4. Nf3 Bc5 5. Bg2 d6 6. O-O a6 7. e3 O-O 8. d4 Ba7
9. h3 Bf5 10. Re1 h6 11. d5 Ne7 12. e4 Bh7 13. Nh4 Nd7 14. Be3 Bxe3 15. Rxe3 f5
16. exf5 Nxf5 17. Nxf5 Bxf5 18. Qe2 Qf6 19. Rf1 Rae8 20. b4 Bg6 21. a3 Qe7 22.
Qa2 Kh8 23. Ne2 Qg5 24. Nc1 Re7 25. Nb3 Ref7 26. Qe2 Bh5 27. Qd3 Bg6 28. Qc3 b6
29. a4 h5 30. Nd2 a5 31. bxa5 Nc5 32. axb6 Nxa4 33. Qa3 Nxb6 34. c5 Nc8 35. Nf3
Qh6 36. h4 Bf5 37. Ng5 Re7 38. Rfe1 Qf6 39. Bf3 g6 40. R1e2 dxc5 41. Qxc5 Nd6
42. Bg2 Rfe8 43. Kh2 Nf7 44. Nxf7+ Qxf7 45. Qc3 Qg7 46. Re1 Kh7 47. Kg1 Qf6 48.
Bf1 Qg7 49. Bb5 Bd7 50. Bc4 Bf5 51. Qb2 e4 1/2-1/2

[Event "1st Binhai Cup 2018"]
[Site "Tianjin CHN"]
[Date "2018.12.29"]
[Round "5.9"]
[White "Dai, Changren"]
[Black "Wang, Shixu B"]
[Result "1/2-1/2"]
[WhiteTitle "IM"]
[WhiteElo "2464"]
[BlackElo "2342"]
[WhiteFideId "8608156"]
[BlackFideId "8610665"]
[EventDate "2018.12.25"]

1. e4 c5 2. Ne2 Nc6 3. Nbc3 Nf6 4. d4 cxd4 5. Nxd4 e5 6. Ndb5 d6 7. Bg5 a6 8.
Na3 b5 9. Bxf6 gxf6 10. Nd5 f5 11. Bd3 Be6 12. Qh5 Rg8 13. c3 Bxd5 14. exd5 Ne7
15. g3 e4 16. Be2 Bg7 17. Nc2 Qc8 18. O-O Nxd5 19. Rad1 Qe6 20. Ne3 Ne7 21. Kh1
Qg6 22. Qh3 Rd8 23. Nd5 Nxd5 24. Rxd5 Be5 25. f4 exf3 26. Bxf3 Qe6 27. Qh5 Rg6
28. Rd2 Rh6 29. Qg5 Qf6 30. Qe3 Qg6 31. Bd5 Kf8 32. Qd3 Qxg3 33. Qc2 f4 34. Rg2
Qh3 35. Rf3 Qh4 36. Qf5 Rf6 37. Qd3 Rg6 38. Rff2 Ke7 39. Be4 Rxg2 40. Rxg2 Qe1+
41. Rg1 Qe3 42. Qd5 Qf2 43. Rg2 Qc5 44. Qb7+ Rd7 45. Qa8 Rd8 46. Qb7+ Rd7 47.
Qa8 Qe3 48. Rg8 Qe1+ 49. Rg1 Qf2 50. Qg8 Rd8 51. Qg5+ Bf6 52. Qh5 Qh4 53. Qd5
Be5 54. Bf3 Qf2 55. Rg2 Qf1+ 56. Rg1 Qf2 57. Rg2 Qf1+ 58. Rg1 Qf2 1/2-1/2

[Event "1st Binhai Cup 2018"]
[Site "Tianjin CHN"]
[Date "2018.12.29"]
[Round "5.10"]
[White "Peng, Xiongjian"]
[Black "Xiao, Yiyi"]
[Result "1-0"]
[BlackTitle "WFM"]
[WhiteElo "2438"]
[BlackElo "2295"]
[WhiteFideId "8610550"]
[BlackFideId "8606161"]
[EventDate "2018.12.25"]

1. Nf3 d5 2. c4 e6 3. d4 Nf6 4. Nc3 Be7 5. Bg5 O-O 6. e3 h6 7. Bf4 b6 8. g4 Ne4
9. Nxe4 dxe4 10. Nd2 Bb7 11. Bg2 f5 12. gxf5 exf5 13. Qh5 Bg5 14. Bxg5 Qxg5 15.
Qxg5 hxg5 16. f3 exf3 17. Bxf3 Bxf3 18. Nxf3 f4 19. Ne5 fxe3 20. Ke2 c5 21. d5
Re8 22. Nf3 g4 23. Ng5 Re5 24. Ne6 Nc6 25. Rad1 Nd8 26. Nxd8 Rxd8 27. Rd3 Rde8
28. Rg1 Re4 29. b3 Kf7 30. Rg3 Rh8 31. Rgxe3 Rxh2+ 32. Ke1 Rxe3+ 33. Rxe3 Rxa2
34. d6 Rh2 35. Re7+ Kf6 36. Re8 Rh1+ 37. Ke2 Rh2+ 38. Ke3 Rh3+ 39. Ke4 Rh1 40.
d7 Re1+ 1-0

[Event "1st Binhai Cup 2018"]
[Site "Tianjin CHN"]
[Date "2018.12.29"]
[Round "5.11"]
[White "Liu, Guanchu"]
[Black "Nie, Xinyang"]
[Result "1-0"]
[WhiteTitle "IM"]
[WhiteElo "2432"]
[BlackElo "2229"]
[WhiteFideId "8603901"]
[BlackFideId "8607222"]
[EventDate "2018.12.25"]

1. e4 d5 2. exd5 Qxd5 3. Nc3 Qa5 4. d4 c6 5. Bc4 Bf5 6. Bd2 Nf6 7. Nf3 e6 8. Nd5
Qd8 9. Nxf6+ Qxf6 10. Qe2 Bg4 11. O-O-O Be7 12. Kb1 Nd7 13. Bc3 Qf4 14. Qe3 Qc7
15. h3 Bxf3 16. Qxf3 Nb6 17. Ba5 Qd7 18. Bb3 O-O 19. h4 Nc8 20. g4 Nd6 21. Qd3
b5 22. h5 Nb7 23. Be1 c5 24. c4 bxc4 25. Qxc4 Qc6 26. d5 exd5 27. Qxd5 Qb6 28.
Bc3 Rad8 29. Qe4 Qc7 30. Rxd8 Bxd8 31. h6 1-0

[Event "1st Binhai Cup 2018"]
[Site "Tianjin CHN"]
[Date "2018.12.29"]
[Round "5.12"]
[White "Zhu, Jiner"]
[Black "Zhang, Xiao"]
[Result "1-0"]
[WhiteTitle "WIM"]
[WhiteElo "2409"]
[BlackElo "2017"]
[WhiteFideId "8608059"]
[BlackFideId "8610894"]
[EventDate "2018.12.25"]

1. f4 d5 2. Nf3 Nf6 3. g3 g6 4. Bg2 Bg7 5. O-O O-O 6. d3 c6 7. e3 Bf5 8. Nc3
Nbd7 9. h3 Nc5 10. Qe1 b5 11. g4 Bc8 12. Ne2 Nfd7 13. Ng3 Qc7 14. e4 dxe4 15.
dxe4 Bb7 16. Rb1 Rfd8 17. Be3 Na4 18. e5 Nab6 19. Ne4 c5 20. Bf2 Qc6 21. Nfg5
Nd5 22. Rd1 Nf8 23. Nxc5 h6 24. Nxb7 Qxb7 25. Ne4 Rac8 26. Nc3 e6 27. Rd4 Rc6
28. Qd2 1-0

[Event "1st Binhai Cup 2018"]
[Site "Tianjin CHN"]
[Date "2018.12.29"]
[Round "5.13"]
[White "Zhao, Yuanhe"]
[Black "Zhang, Lanlin"]
[Result "1-0"]
[WhiteElo "2388"]
[BlackElo "2178"]
[WhiteFideId "8609497"]
[BlackFideId "8608032"]
[EventDate "2018.12.25"]

1. d4 d5 2. Nf3 Nf6 3. c4 c6 4. Nc3 e6 5. g3 Nbd7 6. Bg2 Bd6 7. O-O O-O 8. Bg5
h6 9. Bxf6 Nxf6 10. Qc2 b6 11. e4 dxe4 12. Nxe4 Nxe4 13. Qxe4 Bb7 14. Rad1 Qe7
15. Ne5 Bxe5 16. Qxe5 Qb4 17. b3 a5 18. Rb1 Rfd8 19. Qc7 Rab8 20. Rfd1 Ba8 21.
c5 Rbc8 22. Qe5 b5 23. Rd3 Rd7 24. h4 Rcd8 25. g4 a4 26. Rbd1 Qa3 27. bxa4 Qxa4
28. a3 Qc4 29. g5 h5 30. g6 fxg6 31. Be4 Rf8 32. Rg3 Rf6 33. Bxg6 Qd5 34. Qxf6
gxf6 35. Be4+ Kf7 36. Bxd5 Rxd5 37. f4 Bb7 38. Kf2 Bc8 39. Ke3 e5 40. fxe5 Bg4
41. Rf1 f5 42. Rxg4 hxg4 43. Rxf5+ 1-0

[Event "1st Binhai Cup 2018"]
[Site "Tianjin CHN"]
[Date "2018.12.29"]
[Round "5.14"]
[White "Huang, Renjie"]
[Black "Popov, Mikhail"]
[Result "0-1"]
[BlackTitle "FM"]
[WhiteElo "2328"]
[BlackElo "2388"]
[WhiteFideId "8610134"]
[BlackFideId "4146182"]
[EventDate "2018.12.25"]

1. e4 e6 2. d4 d5 3. Nc3 Bb4 4. e5 Ne7 5. Nf3 b6 6. Be2 Ba6 7. O-O Bxc3 8. bxc3
Bxe2 9. Qxe2 Nbc6 10. Ba3 Na5 11. Nd2 Qd7 12. c4 Nf5 13. Bb2 dxc4 14. Nxc4 Qb5
15. Qe4 O-O 16. Nxa5 Qxa5 17. Qc6 Rfd8 18. Rfd1 b5 19. a4 b4 20. c4 bxc3 21.
Bxc3 Qd5 22. Qxd5 Rxd5 23. g4 Ne7 24. Rab1 Nc6 25. f4 g5 26. f5 Rad8 27. Rb7
Nxd4 28. Kf2 c5 29. f6 h5 30. Re1 hxg4 31. Re4 a6 32. Rxg4 Rxe5 33. h4 Rdd5 34.
Rxg5+ Rxg5 35. hxg5 Rxg5 36. Ra7 Rf5+ 37. Ke3 Rxf6 38. Rxa6 Rf3+ 39. Kd2 e5 40.
Ra8+ Kg7 41. Re8 c4 42. Bxd4 exd4 43. Rd8 c3+ 44. Kc2 Rf2+ 45. Kc1 Rd2 46. a5
Ra2 47. Rxd4 Rxa5 48. Rc4 Ra3 49. Kc2 Kg6 50. Rg4+ Kf5 51. Rg7 f6 52. Kd3 Kf4
53. Rg1 f5 54. Rf1+ Kg4 55. Rg1+ Kh3 56. Rf1 Ra5 57. Ke3 Kg2 58. Rc1 Rc5 59. Kd4
Rc8 60. Ke5 c2 0-1

[Event "1st Binhai Cup 2018"]
[Site "Tianjin CHN"]
[Date "2018.12.29"]
[Round "5.15"]
[White "Padmini, Rout"]
[Black "Yu, Lei"]
[Result "0-1"]
[WhiteTitle "IM"]
[WhiteElo "2345"]
[BlackElo "2074"]
[WhiteFideId "5029295"]
[BlackFideId "8620733"]
[EventDate "2018.12.25"]

1. e4 Nf6 2. e5 Nd5 3. d4 d6 4. Nf3 dxe5 5. Nxe5 Nd7 6. Nf3 e6 7. Be2 Bd6 8. c4
Nf4 9. Bf1 Ng6 10. g3 e5 11. d5 e4 12. Ng5 O-O 13. Bg2 Re8 14. O-O e3 15. Bxe3
Rxe3 16. Nxf7 Kxf7 17. fxe3+ Nf6 18. Nc3 Kg8 19. Kh1 Ng4 20. Qf3 N6e5 21. Qe4
Qg5 22. Rf4 Qh5 23. h3 Nf6 24. Qc2 Ng6 25. Qd1 Nxf4 26. exf4 Bxh3 27. Qxh5 Bxg2+
28. Kxg2 Nxh5 0-1

[Event "1st Binhai Cup 2018"]
[Site "Tianjin CHN"]
[Date "2018.12.29"]
[Round "5.16"]
[White "Zuo, Yifan"]
[Black "Jiang, Qinyu"]
[Result "1/2-1/2"]
[WhiteTitle "CM"]
[WhiteElo "2300"]
[BlackElo "2037"]
[WhiteFideId "8614610"]
[BlackFideId "8612927"]
[EventDate "2018.12.25"]

1. d4 Nf6 2. c4 e6 3. Nf3 b6 4. g3 Ba6 5. b3 Bb4+ 6. Bd2 Be7 7. Bg2 O-O 8. O-O
c6 9. Bc3 d5 10. Ne5 Nfd7 11. Nxd7 Nxd7 12. Nd2 Rc8 13. e4 c5 14. exd5 exd5 15.
dxc5 dxc4 16. c6 cxb3 17. Re1 b2 18. Bxb2 Nc5 19. Nb3 Qxd1 20. Raxd1 Nxb3 21.
axb3 Bf6 22. Bxf6 gxf6 23. b4 Bb5 24. Rc1 Rfe8 25. Rxe8+ Rxe8 26. Ra1 a6 27. f4
Rc8 28. Kf2 Bxc6 29. Bxc6 Rxc6 30. Rxa6 Rc2+ 31. Kf3 Rxh2 32. Rxb6 Rb2 33. Rxf6
Rxb4 34. Kg4 Rb3 35. Rc6 Rd3 36. Kh4 Kg7 37. Rc1 Ra3 38. Rf1 Rb3 39. Kg4 Kg6 40.
Rf3 Rxf3 41. Kxf3 1/2-1/2

[Event "1st Binhai Cup 2018"]
[Site "Tianjin CHN"]
[Date "2018.12.29"]
[Round "5.17"]
[White "Yan, Tianqi"]
[Black "Chu, Ruotong"]
[Result "1/2-1/2"]
[BlackTitle "WIM"]
[WhiteElo "2098"]
[BlackElo "2261"]
[WhiteFideId "8615250"]
[BlackFideId "8605653"]
[EventDate "2018.12.25"]

1. e4 c5 2. Nf3 e6 3. d4 cxd4 4. Nxd4 Nc6 5. Nb5 d6 6. c4 Nf6 7. N1c3 a6 8. Nd4
Qc7 9. Be2 Ne5 10. f4 Ned7 11. Be3 e5 12. Nc2 exf4 13. Bxf4 Ne5 14. Bg5 Be7 15.
Ne3 Be6 16. Bxf6 Bxf6 17. Ned5 Bxd5 18. Nxd5 Qd8 19. O-O Bg5 20. Qa4+ Nc6 21.
Rad1 O-O 22. Qb3 b6 23. Kh1 Rb8 24. Qa4 Qc8 25. Qa3 Qe6 26. Qg3 Qe5 27. Qd3 Ne7
28. Nc3 Rfd8 29. b3 Bf6 30. Nd5 Nxd5 31. Qxd5 1/2-1/2

[Event "1st Binhai Cup 2018"]
[Site "Tianjin CHN"]
[Date "2018.12.29"]
[Round "5.18"]
[White "Wu, huanghui"]
[Black "Hu, Yu A."]
[Result "1-0"]
[WhiteElo "2164"]
[BlackElo "2032"]
[WhiteFideId "8623929"]
[BlackFideId "8609993"]
[EventDate "2018.12.25"]

1. d4 Nf6 2. c4 e6 3. Nf3 d5 4. Nc3 Nbd7 5. e3 c6 6. Bd3 dxc4 7. Bxc4 b5 8. Be2
Bb7 9. O-O Be7 10. Qd3 b4 11. Na4 O-O 12. b3 c5 13. Bb2 Be4 14. Qa6 Qc7 15. Rac1
Bb7 16. Qc4 Rfc8 17. dxc5 Qa5 18. Bxf6 Bxf6 19. Qb5 Qc7 20. Qxb4 Bc6 21. Nc3
Rab8 22. Qc4 Bxf3 23. gxf3 Ne5 24. Nb5 Qe7 25. Qa4 Rxc5 26. f4 Nc6 27. Rxc5 Qxc5
28. Qc4 Qb6 29. Rc1 Ne7 30. Qc7 Nd5 31. Qxb6 axb6 32. a3 g5 33. fxg5 Bxg5 34.
Rc6 Ne7 35. Rc7 Nd5 36. Rc4 Be7 37. Bf3 Nf6 38. Kf1 Kf8 39. Bc6 Ne8 40. Bxe8
Kxe8 41. Ke2 Kd8 42. Rg4 Rc8 43. Rg8+ Kd7 44. Rxc8 Kxc8 45. Kd3 Kb7 46. Kc4 Kc6
47. a4 Bh4 48. f3 Bf2 49. Nd4+ Kd6 50. Nc2 f5 51. Kb5 Kc7 52. b4 e5 53. a5 bxa5
54. bxa5 f4 55. e4 Kb7 56. Nb4 1-0

[Event "1st Binhai Cup 2018"]
[Site "Tianjin CHN"]
[Date "2018.12.29"]
[Round "5.19"]
[White "Hu, Zehua"]
[Black "Chen, KaiLin"]
[Result "0-1"]
[WhiteElo "2104"]
[BlackElo "2016"]
[WhiteFideId "8603472"]
[BlackFideId "8620954"]
[EventDate "2018.12.25"]

1. Nf3 Nf6 2. c4 e6 3. g3 d5 4. Bg2 Be7 5. O-O O-O 6. d4 dxc4 7. Qc2 a6 8. a4
Bd7 9. Qxc4 Bc6 10. Bf4 Bd6 11. Bg5 Nbd7 12. Nc3 h6 13. Bxf6 Nxf6 14. Nd2 Bxg2
15. Kxg2 c5 16. dxc5 Bxc5 17. Qxc5 Qxd2 18. Qb4 Qd7 19. Rfd1 Qc6+ 20. f3 Rac8
21. Rd6 Qc5 22. Qxc5 Rxc5 23. Rad1 Re8 24. e4 Kf8 25. R1d4 Rc6 26. e5 Nd5 27.
Nxd5 Rc2+ 28. Kh3 exd5 29. Rb4 Rxe5 30. Rxb7 g6 31. f4 Rf5 32. Rxa6 Rf2 33. a5
Rh5+ 0-1

[Event "1st Binhai Cup 2018"]
[Site "Tianjin CHN"]
[Date "2018.12.29"]
[Round "5.20"]
[White "Yang, Yijing"]
[Black "Li, Haoyu B."]
[Result "1-0"]
[WhiteTitle "WCM"]
[WhiteElo "2035"]
[BlackElo "2100"]
[WhiteFideId "8608601"]
[BlackFideId "8610169"]
[EventDate "2018.12.25"]

1. d4 Nf6 2. c4 e6 3. Nc3 d5 4. cxd5 exd5 5. Bg5 Nbd7 6. e3 Be7 7. Nf3 c6 8. Bd3
h6 9. Bf4 O-O 10. h3 Re8 11. O-O Nf8 12. Qc2 Bd6 13. Ne5 Qe7 14. Bh2 c5 15. f4
Bd7 16. Qf2 c4 17. Bc2 Bc6 18. g4 N6d7 19. Qf3 Nb6 20. Qf2 Ne6 21. h4 Nd7 22.
Rae1 Rad8 23. Ne2 Nf6 24. Qg2 Bxe5 25. dxe5 Nh7 26. Nd4 Nxd4 27. exd4 Qxh4 28.
Re3 Bd7 29. Rg3 g6 30. Qxd5 Bf5 31. Qg2 Bxc2 32. Rh3 Be4 33. Rxh4 Bxg2 34. Kxg2
Rxd4 35. Rxh6 Rd2+ 36. Rf2 Red8 37. f5 gxf5 38. gxf5 Rxf2+ 39. Kxf2 Rd2+ 40. Ke3
Rxb2 41. e6 fxe6 42. fxe6 Rb1 43. Rg6+ 1-0

[Event "1st Binhai Cup 2018"]
[Site "Tianjin CHN"]
[Date "2018.12.29"]
[Round "5.21"]
[White "Batchuluun, Tsegmed"]
[Black "Li, Yunshan"]
[Result "1-0"]
[WhiteTitle "GM"]
[BlackTitle "WFM"]
[WhiteElo "2567"]
[BlackElo "2196"]
[WhiteFideId "4900847"]
[BlackFideId "8607664"]
[EventDate "2018.12.25"]

1. d4 d5 2. c4 dxc4 3. Nf3 Nf6 4. e3 e6 5. Bxc4 c5 6. O-O Nc6 7. Qe2 a6 8. Rd1
b5 9. dxc5 Qc7 10. Bd3 Bxc5 11. a4 bxa4 12. Rxa4 Qb6 13. Nc3 O-O 14. Rc4 Bb4 15.
e4 Bxc3 16. bxc3 e5 17. Be3 Qb7 18. Rb1 Qd7 19. Rb6 Na5 20. Rc5 Nb7 21. Rxe5 Qc7
22. Rg5 Nd7 23. Rxa6 Rxa6 24. Bxa6 Qxc3 25. Qd1 f6 26. Rd5 Ndc5 27. Bxb7 Nxb7
28. Nd4 Bg4 29. Qb1 Ra8 30. Nb3 Ra2 31. Rd3 Rb2 32. Rxc3 Rxb1+ 33. Nc1 Na5 34.
f3 Be6 35. Kf2 Nc4 36. g4 Rb2+ 37. Kg3 Kf7 38. h4 Kg6 39. Nd3 Ra2 40. Nf4+ Kf7
41. Nxe6 Nxe3 42. Ng5+ fxg5 43. Rxe3 gxh4+ 44. Kxh4 Kf6 45. e5+ Ke6 46. f4 g6
47. Kg5 Rg2 48. Rd3 h6+ 49. Kxh6 Rxg4 50. Rd6+ Kf7 51. Rf6+ Ke7 52. Kg7 Ke8 53.
Rf7 Rg1 54. Kf6 Rg4 55. f5 gxf5 56. Ra7 Re4 57. e6 Kd8 58. e7+ Ke8 59. Ra8+ 1-0

[Event "1st Binhai Cup 2018"]
[Site "Tianjin CHN"]
[Date "2018.12.29"]
[Round "5.22"]
[White "Maisuradze, Nino"]
[Black "Bai, Xue"]
[Result "1-0"]
[WhiteTitle "WGM"]
[WhiteElo "2248"]
[BlackElo "2133"]
[WhiteFideId "13601717"]
[BlackFideId "8608717"]
[EventDate "2018.12.25"]

1. d4 d5 2. c4 e6 3. Nf3 Nf6 4. Nc3 dxc4 5. e3 a6 6. a4 c5 7. Bxc4 cxd4 8. exd4
Qc7 9. Qe2 Be7 10. O-O O-O 11. Bg5 b6 12. Rfe1 Bd8 13. Rac1 Bb7 14. d5 exd5 15.
Nxd5 Qd6 16. Nxf6+ Bxf6 17. Rcd1 Qc5 18. Bxf6 gxf6 19. Nh4 b5 20. Bd5 Bxd5 21.
Qg4+ Kh8 22. Nf5 1-0

[Event "1st Binhai Cup 2018"]
[Site "Tianjin CHN"]
[Date "2018.12.29"]
[Round "5.23"]
[White "Stones, Rebecca"]
[Black "Ning, Kaiyu"]
[Result "1-0"]
[WhiteElo "1792"]
[BlackElo "2247"]
[WhiteFideId "3208281"]
[BlackFideId "8614750"]
[EventDate "2018.12.25"]

1. d4 d5 2. c4 e6 3. Nf3 Nf6 4. Nc3 a6 5. c5 b6 6. cxb6 cxb6 7. Bf4 Bd6 8. Bxd6
Qxd6 9. e3 O-O 10. Bd3 Nbd7 11. O-O Bb7 12. Rc1 b5 13. Qc2 Rfc8 14. Qb1 Nb6 15.
b3 g6 16. Ne2 Rcb8 17. Rc2 Nbd7 18. Rfc1 b4 19. Qb2 Ne8 20. Ne5 Nxe5 21. dxe5
Qb6 22. Qd4 Qxd4 23. Nxd4 Kf8 24. Kf1 Ke7 25. Ke2 Kd7 26. Kd2 Ra7 27. Rc5 Raa8
28. R1c2 h6 29. Ra5 Nc7 30. Rcc5 Bc8 31. Rc6 Bb7 32. Rd6+ Ke8 33. Rc5 Rc8 34.
Rb6 Rab8 35. Rxb4 g5 36. Rb6 Kd7 37. Rd6+ Ke8 38. Ke2 g4 39. f3 gxf3+ 40. Kxf3
h5 41. h4 Ra8 42. Rb6 Ra7 43. Nc6 Bxc6 44. Rbxc6 Kd7 45. Kf4 Rg8 46. g3 a5 47.
Be2 Rh8 48. Rd6+ Ke7 49. Bb5 Nxb5 50. Rxb5 Rg8 51. Rdb6 Rg4+ 52. Kf3 Re4 53.
Rb7+ Rxb7 54. Rxb7+ Ke8 55. Ra7 Rxe5 56. Rxa5 Re4 57. Ra4 Re5 58. Rf4 f5 59. Rd4
Kd7 60. Kf4 Kd6 61. b4 Re4+ 62. Rxe4 fxe4 63. a4 Kd7 64. Ke5 Kc6 65. a5 Kb5 66.
Kd4 Kc6 67. a6 Kb6 68. b5 Kc7 69. a7 Kb7 70. b6 Ka8 71. g4 hxg4 72. h5 e5+ 73.
Kxd5 1-0

[Event "1st Binhai Cup 2018"]
[Site "Tianjin CHN"]
[Date "2018.12.29"]
[Round "5.24"]
[White "Wang, Zideng"]
[Black "Wang, Xiaoyan"]
[Result "1-0"]
[WhiteTitle "CM"]
[WhiteElo "2068"]
[BlackElo "1943"]
[WhiteFideId "8614350"]
[BlackFideId "8623015"]
[EventDate "2018.12.25"]

1. d4 Nf6 2. c4 g6 3. Nc3 Bg7 4. e4 d6 5. Nf3 O-O 6. h3 c5 7. d5 e6 8. Bd3 exd5
9. exd5 Re8+ 10. Be3 Nh5 11. O-O f5 12. Bg5 Bf6 13. Bxf6 Qxf6 14. Bc2 Nd7 15.
Re1 Rxe1+ 16. Qxe1 Ne5 17. Nxe5 dxe5 18. Ba4 Nf4 19. Kh2 Qg5 20. g3 Nd3 21. Qe2
e4 22. Rd1 Qf6 23. f3 f4 24. g4 exf3 25. Qe8+ Kg7 26. Rxd3 Bf5 27. g5 Qd6 28.
Qxa8 f2 29. Qxb7+ Kg8 30. Qa8+ Kg7 31. Qxa7+ Kg8 32. Kg2 f1=Q+ 33. Kxf1 Bxd3+
34. Kf2 Qe5 35. Qa8+ Kg7 36. Qb7+ Kf8 37. Qc8+ Kg7 38. Qd7+ Kf8 39. Qd8+ Kf7 40.
Qf6+ Qxf6 41. gxf6 Bxc4 42. d6 Kxf6 43. Ne4+ Ke6 44. d7 Ke7 45. Nd6 Bd5 46. Bb5
Kd8 47. Bc4 Bxc4 48. Nxc4 Kxd7 49. Kf3 Kc6 50. Kxf4 Kb5 51. b3 Kb4 52. Kg5 1-0

[Event "1st Binhai Cup 2018"]
[Site "Tianjin CHN"]
[Date "2018.12.29"]
[Round "5.25"]
[White "Gu, Tianlu"]
[Black "Mi, Tenglong"]
[Result "1-0"]
[WhiteTitle "WIM"]
[WhiteElo "2231"]
[BlackElo "1717"]
[WhiteFideId "8603995"]
[BlackFideId "8623627"]
[EventDate "2018.12.25"]

1. e4 c5 2. Nf3 d6 3. d4 cxd4 4. Nxd4 Nf6 5. Nc3 g6 6. Be3 Bg7 7. f3 O-O 8. Qd2
Nc6 9. O-O-O d5 10. Qe1 e5 11. Nxc6 bxc6 12. exd5 Nxd5 13. Bc4 Be6 14. Bc5 Re8
15. h4 Rb8 16. Ne4 f5 17. Ng5 e4 18. Bb3 a5 19. Bd4 a4 20. Bxd5 Qxd5 21. Bxg7
Qxa2 22. Nxe6 Rxe6 23. Qe3 exf3 24. Qa7 Qa1+ 25. Kd2 Rd6+ 26. Bd4 Rxd4+ 27. Qxd4
Qa2 28. gxf3 Rxb2 29. Qd8+ Kg7 30. Qd7+ Kg8 31. Qxc6 Rb8 32. Rhe1 1-0

[Event "1st Binhai Cup 2018"]
[Site "Tianjin CHN"]
[Date "2018.12.29"]
[Round "5.26"]
[White "Wu, David Tai-Wei"]
[Black "Wang, Zijian"]
[Result "0-1"]
[WhiteElo "1630"]
[BlackElo "1839"]
[WhiteFideId "16301765"]
[BlackFideId "8619034"]
[EventDate "2018.12.25"]

1. d4 d5 2. c4 c6 3. Nc3 Nf6 4. Nf3 a6 5. c5 Bf5 6. Qb3 Ra7 7. Bd2 h6 8. Na4
Nbd7 9. e3 Ne4 10. Bd3 Nxd2 11. Nxd2 Bxd3 12. Qxd3 e5 13. O-O-O e4 14. Qe2 Qa5
15. Nc3 b6 16. cxb6 Nxb6 17. Kb1 Na4 18. Nxa4 Qxa4 19. Rc1 Bd6 20. Qd1 Qb5 21.
Qb3 Kd7 22. Qxb5 cxb5 23. h3 Rc8 24. Nb3 Rac7 25. Rxc7+ Rxc7 26. Rc1 h5 27. a3
Rxc1+ 28. Kxc1 Kc6 29. Kd2 Kb6 30. g4 hxg4 31. hxg4 a5 32. Na1 a4 33. Nc2 Ka5
34. Ke2 b4 35. f3 b3 36. Ne1 Bxa3 37. fxe4 dxe4 38. d5 Bxb2 39. d6 Kb6 40. d7
Kc7 41. g5 a3 42. g6 fxg6 43. d8=Q+ Kxd8 0-1

[Event "1st Binhai Cup 2018"]
[Site "Tianjin CHN"]
[Date "2018.12.29"]
[Round "5.29"]
[White "Sun, Jihan"]
[Black "Wang, Puxuan"]
[Result "1-0"]
[WhiteElo "1518"]
[BlackElo "1270"]
[WhiteFideId "8618992"]
[BlackFideId "8625050"]
[EventDate "2018.12.25"]

1. e4 d5 2. exd5 Qxd5 3. Nc3 Qa5 4. d4 Nf6 5. Nf3 Bg4 6. h3 Bh5 7. g4 Bg6 8. Bd2
c6 9. Bc4 e6 10. Ne5 Qb6 11. Bc1 Ne4 12. Nxe4 Bxe4 13. O-O Be7 14. b3 O-O 15.
Bb2 Qc7 16. Qe2 Bd5 17. Bd3 c5 18. c4 Bc6 19. Rae1 Bd6 20. Nxc6 Nxc6 21. Qe4 g6
22. dxc5 Bxc5 23. Kg2 Nb4 24. Bb1 Qc6 25. a3 Qxe4+ 26. Bxe4 Nc6 27. b4 Be7 28.
Bc3 Rac8 29. Rd1 Rfd8 30. c5 Bf8 31. Bf6 Rxd1 32. Rxd1 Rc7 33. b5 Na5 34. Bd8
Rxc5 35. Bxa5 Rxb5 36. Bc3 f5 37. gxf5 gxf5 38. Bf3 Rb3 39. Be5 Bxa3 40. Rd7 Rb5
41. Bf6 Bb2 42. Bg5 a5 43. Bh6 Bf6 44. Rc7 Rb4 45. Bh5 Rd4 46. Bf7+ Kh8 47. Rxb7
a4 48. Bxe6 Rd6 49. Bxf5 a3 50. Ra7 Bd8 51. Rxh7+ Kg8 52. Rg7+ Kh8 53. Bf4 Rf6
54. Ra7 Rxf5 55. Be3 Bg5 56. Bd4+ Bf6 57. Bxf6+ Rxf6 58. Rxa3 Kh7 59. Rg3 Kh6
60. Rg8 Kh7 61. Rg4 Kh6 62. Kg3 Ra6 63. f3 Kh5 64. h4 Ra2 65. Rg5+ Kh6 66. f4
Ra3+ 67. Kg4 Ra1 68. Kf5 Ra5+ 69. Kg4 Ra1 70. f5 Ra4+ 71. Kh3 Ra3+ 72. Rg3 Ra6
73. Rf3 Kh5 74. Kg3 Rf6 75. Kf4 Ra6 76. Rf1 Ra4+ 77. Ke5 Ra5+ 78. Kd6 Ra6+ 79.
Kd7 Ra7+ 80. Ke6 Ra6+ 81. Ke5 Ra5+ 82. Kd6 Ra6+ 83. Kc5 Rf6 84. Kd5 Kxh4 85. Ke5
Ra6 86. f6 Ra5+ 87. Ke6 Kg5 88. f7 Ra6+ 89. Ke7 Ra7+ 90. Kf8 Kg6 91. Kg8 1-0

[Event "1st Binhai Cup 2018"]
[Site "Tianjin CHN"]
[Date "2018.12.30"]
[Round "6.1"]
[White "Zhao, Jun"]
[Black "Fier, Alexandr"]
[Result "1-0"]
[WhiteTitle "GM"]
[BlackTitle "GM"]
[WhiteElo "2607"]
[BlackElo "2558"]
[WhiteFideId "8602522"]
[BlackFideId "2107139"]
[EventDate "2018.12.25"]

1. d4 Nf6 2. Nf3 e6 3. Bf4 d5 4. e3 Bd6 5. Nbd2 O-O 6. Bd3 b6 7. O-O Bxf4 8.
exf4 Ba6 9. Qe2 Bxd3 10. Qxd3 c5 11. Ne5 Qc7 12. f5 exf5 13. Qxf5 Nc6 14. Nxc6
Qxc6 15. dxc5 bxc5 16. Rfe1 Rfe8 17. Nf1 Rxe1 18. Rxe1 Re8 19. Rxe8+ Qxe8 20. c4
Qe6 21. Qf4 d4 22. Qb8+ Ne8 23. Qxa7 Qxc4 24. a4 g6 25. a5 Kg7 26. a6 Nf6 27.
Qb7 Qe2 28. f3 d3 29. Qb5 Qc2 30. a7 d2 31. Nxd2 Qxd2 32. a8=Q Nd5 33. Qaa5 Qd4+
34. Kf1 Ne3+ 35. Ke2 Nd5 36. Qd2 Nf4+ 37. Kd1 Qg1+ 38. Qe1 Qd4+ 39. Kc2 Nd5 40.
Qbe2 Qa4+ 41. Kb1 Qb3 42. Qc2 1-0

[Event "1st Binhai Cup 2018"]
[Site "Tianjin CHN"]
[Date "2018.12.30"]
[Round "6.2"]
[White "Zeng, Chongsheng"]
[Black "Ganguly, Surya Shekhar"]
[Result "1-0"]
[WhiteTitle "GM"]
[BlackTitle "GM"]
[WhiteElo "2535"]
[BlackElo "2621"]
[WhiteFideId "8603847"]
[BlackFideId "5002150"]
[EventDate "2018.12.25"]

1. e4 e5 2. Nf3 Nc6 3. Bc4 Nf6 4. Ng5 d5 5. exd5 Na5 6. Bb5+ c6 7. dxc6 bxc6 8.
Be2 h6 9. Nh3 Bd6 10. d3 O-O 11. O-O Rb8 12. Nc3 Bf5 13. Kh1 Qc7 14. Bf3 Rb4 15.
Ng1 e4 16. a3 Rd4 17. Be3 Rd5 18. Nxd5 cxd5 19. Be2 Bxh2 20. g3 Bxg1 21. Kxg1
Nc6 22. dxe4 dxe4 23. Qd2 Rd8 24. Qc3 Nd5 25. Qc5 Nxe3 26. Qxe3 Nd4 27. Rad1
Qxc2 28. Kg2 Rd7 29. Rd2 Qa4 30. b3 Nxb3 31. Rxd7 Bxd7 32. Rb1 Nd4 33. Bd1 Nf5
34. Bxa4 Nxe3+ 35. fxe3 Bxa4 36. Rb8+ Kh7 37. Ra8 Kg6 38. Rxa7 Bb3 39. a4 Kf6
40. a5 Ke6 41. a6 Kd6 42. Rb7 1-0